Regional instruments of human rights (Record no. 19015)

MARC details
000 -LEADER
fixed length control field 00416nam a2200145Ia 4500
082 ## - DEWEY DECIMAL CLASSIFICATION NUMBER
Classification number RR 323.03 REG-
245 #0 - TITLE STATEMENT
Title Regional instruments of human rights
260 ## - PUBLICATION, DISTRIBUTION, ETC. (IMPRINT)
Place of publication New Delhi
Name of publisher Discovery Publishing
Year of publication 2001
300 ## - PHYSICAL DESCRIPTION
Number of Pages ix, 417
440 ## - SERIES STATEMENT/ADDED ENTRY--TITLE
Title International encyclopaedia of Human rights; 2
650 ## - SUBJECT ADDED ENTRY--TOPICAL TERM
Topical Term Encyclopedias and dictionaries
650 ## - SUBJECT ADDED ENTRY--TOPICAL TERM
Topical Term Human rights
700 ## - ADDED ENTRY--PERSONAL NAME
Personal name Rao, Digumarti Bhaskara
942 ## - ADDED ENTRY ELEMENTS (KOHA)
Koha item type Books
Holdings
Withdrawn status Lost status Damaged status Not for loan Collection code Home library Current library Date acquired Bill Date Full call number Accession Number Price effective from Koha item type
        Docas Books NASSDOC Library NASSDOC Library 05/09/2016 2004-10-22 RR 323.03 REG- D001409 18/04/2019 Books